zpět

Detail výsledku týmu

Hoffmanův dvůr - Vinoř, Praha

Datum a čas kvízu

26 Celkem bodů Celkový počet nahraných bodů na tomto kvízu bez doplňovacích otázek.
8. Pořadí na kvízu Konečné umístění týmu na tomto kvízu.

Zaznamenané odpovědi

# Otázka Odpověď Body Výsledky
1. V noci z neděle na pondělí se... Sabine 1
2. Situaci kolem pandemie novým t... Covid-19 1
3. V neděli 9. února se konal v... Parazit 1
4. Ocenění Zlatá pecka pro nejlep... Josef Polášek 1
5. Minulý týden začalo v italské... smíšená štafeta 1
6. Šachy jsou vskutku velmi staro... šáh 0
7. Z následujících tvrzení vybert... C 0
8. Jak se nazývá typ šachové hry,... bleskový šach (také bleskovka čili blicka) 1
9. Jak se jmenuje matematický pro... jezdcova procházka 0
10. Jak se jmenuje tento současný... David Navara 1